Géographie de la Lune - Carte Quiz - Statistiques

Statistiques générales
  • Ce quiz a été pris 296 fois
  • Le résultat moyen est 5 sur 36
Réponses sur la Carte
Les réponses sont colorées sur une échelle allant du rouge au vert en fonction du pourcentage des utilisateurs qui les ont devinées à leur premier essai. Vous pouvez retrouver ces pourcentages ci-dessous.
 
Statistiques - réponses
Réponse % Correct
Mer de la Tranquilité
47%
Océan des Tempêtes
33%
Mer de la Fécondité
27%
Mer des Pluies
26%
Mer du Froid
26%
Mer de la Connaissance
25%
Mer des Crises
22%
Mer de la Sérénité
21%
Alpes
18%
Mer des Humeurs
15%
Archimède
15%
Cordillière
15%
Mer des Vapeurs
14%
Aristarque
14%
Mer du Nectar
13%
Jura
12%
Mer des Nuées
11%
Copernic
11%
Platon
11%
Clau (Clavius)
10%
Apennins
10%
Carpathes
9%
Caucase
9%
Monts Rook
9%
Théophile
8%
Grimaldi
7%
Pétau (Petavius)
7%
Tycho
7%
Fra Mauro
6%
Ptolémée
6%
Bailly
5%
Ératosthène
5%
Schickard
5%
van Langren (Langrenus)
5%
Aristote
4%
Janssen
4%
Aucun quiz correspondant
Distribution des résultats
% des personnes avec chaque résultat
Percentile par nombre de réponses
Votre historique - résultats
Vous n’avez pas pris ce quiz